000 01216nam a2200313 i 4500
003 EG-GICUC
005 20260420115903.0
008 260420s1968 ||| |||fr|||| 00| 0 Ara d
040 _a EG-GICUC
_bara
_c EG-GICUC
_d EG-GICUC
_erda
041 0 _aAra
082 0 4 _221
_a343.1
_bق ا
092 0 4 _221
099 _aLaw1 10 343.1 ق ا 1968
245 0 0 _a العقوبات الصادر بالقانون رقم 58 لسنة 1937 مع التعديلات التي أدخلت عليه حتى أبريل سنة 1968 /
_cإعداد محمد فهيم أمين.
264 1 _a[مكان النشر غير محدد] :
_b[الناشر غير محدد]،
_c1968.
300 _a206 ؛صفحة
_c24 سم.
336 _2rda content
_atext
337 _2rda media
_aComputer
338 _2rda carrier
_aOnline Resource
505 _aملحق المحاماة
546 _aالنص باللغة العربية
650 1 _aقانون العقوبات - القسم العام
_2qrmak
650 1 _aالقانون الجنائى
_2qrmak
651 1 _2qrmak
700 _aمحمد فهيم أمين
_eمعد.
856 4 0 _uhttps://fll.law.cu.edu.eg/fulltext/bks/B10-09869.pdf
905 _a54
942 _2ddc
_cBK
_e21
_n0
999 _c72094
_d72094